000 01284nam a2200241Ia 4500
003 Ost
005 20260507075343.0
008 260507s9999||||xx |||||||||||||| ||und||
040 _cfsecg
041 _aara
082 _a330
100 _aموسى، شقيري نوري
_eمؤلف
245 0 _aإدارة المخاطر /
_c شقيري نوري موسى
260 _aعمان:
_bدار المسيرة للنشر والتوزيع,
_c2011
300 _a358 صفحة؛
_bإيضاحات ؛
_c24 سم
520 _aالخطر- المخاطر الإستثمارية- إدارة الموجودات والمطلوبات- مخاطر الإئتمان المصرفي- تجنب مخاطر الفشل المالي- مخاطر الروافع- استخدام الخيارات للحد من المخاطر-مخاطر أسعار الصرف- مخاطر التعامل بالعملات الأجنبية- مخاطر التوريق- الرقابة على البنوك وإدارة مخاطر البنوك- المخاطر في المصارف الإسلامية
653 _aإدارة الأعمال
653 _aإدارة- المخاطر
653 _aالأزمات
653 _aالمخاطر
700 _aنور، محمود إبراهيم
_eمؤلف ثانوي
942 _cكتاب
999 _c44101
_d44101